Sports Quiz

Random Sports or Baseball Quiz

MLB All Star MVPs Quiz Stats

 Plays Quiz Updated Jul 9, 2019

Score 0/59 Timer 08:00
4 Plays Today
Year Player % Correct
2015Mike Trout
87.8%
2014Mike Trout
86.5%
2000Derek Jeter
78.2%
1991Cal Ripken, Jr.
74.3%
2001Cal Ripken, Jr.
74.3%
2017Robinson Canó
70.9%
2007Ichiro Suzuki
68.8%
1992Ken Griffey, Jr.
63.7%
1980Ken Griffey, Sr.
63.3%
2018Alex Bregman
61%
2016Eric Hosmer
60.8%
2009Carl Crawford
60.7%
2019Shane Bieber
58.5%
1963Willie Mays
54%
1968Willie Mays
54%
2013Mariano Rivera
52.7%
2006Michael Young
52%
1999Pedro Martínez
50.3%
1993Kirby Puckett
49%
1966Brooks Robinson
47.1%
1971Frank Robinson
47.1%
1973Bobby Bonds
45.5%
2003Garret Anderson
42.6%
2005Miguel Tejada
41.8%
1972Joe Morgan
40.9%
1989Bo Jackson
39%
1986Roger Clemens
37.7%
1969Willie McCovey
36.8%
2012Melky Cabrera
34.7%
1981Gary Carter
34%
Year Player % Correct
1984Gary Carter
34%
1997Sandy Alomar, Jr.
32.3%
1998Roberto Alomar
31.6%
1970Carl Yastrzemski
30.8%
1996Mike Piazza
30.3%
2011Prince Fielder
29.9%
2008J. D. Drew
29.3%
1974Steve Garvey
28.8%
1978Steve Garvey
28.8%
1967Tony Perez
25.2%
1987Tim Raines
24.5%
1994Fred McGriff
22.8%
2010Brian McCann
22.6%
1976George Foster
21.6%
1979Dave Parker
21.4%
1983Fred Lynn
21.2%
1995Jeff Conine
18.5%
1982Dave Concepción
17.2%
2004Alfonso Soriano
16.3%
1965Juan Marichal
15.3%
1962Maury Wills
15.2%
1988Terry Steinbach
13.9%
1990Julio Franco
11.3%
1977Don Sutton
10.4%
1975Bill Madlock
6.8%
1975Jon Matlack
6.5%
1964Johnny Callison
6.2%
1985LaMarr Hoyt
5.3%
1962Leon Wagner
4.6%

You're not logged in!

Compare scores with friends on all Sporcle quizzes.
OR
Log In

Sporcle TV

Today on Sporcle TV


Watch our educational content, quiz creation guides, and fun videos on Sporcle TV.

Show Comments

Extras

Top Quizzes Today


Score Distribution

Your Account Isn't Verified!

In order to create a playlist on Sporcle, you need to verify the email address you used during registration. Go to your Sporcle Settings to finish the process.

Report this User

Report this user for behavior that violates our Community Guidelines.

Details: